Lok paribeshya kala (Record no. 9890)

MARC details
000 -LEADER
fixed length control field 00533cam a2200217ua 4500
008 - FIXED-LENGTH DATA ELEMENTS--GENERAL INFORMATION
fixed length control field 190730n ii |||gr||||Z||||||asm
020 ## - INTERNATIONAL STANDARD BOOK NUMBER
International Standard Book Number 9789387956728
040 ## - CATALOGING SOURCE
Transcribing agency MAIN
041 ## - LANGUAGE CODE
-- asm
082 ## - DEWEY DECIMAL CLASSIFICATION NUMBER
Classification number 398
245 ## - TITLE STATEMENT
Title Lok paribeshya kala
Statement of responsibility, etc. Ed. by Arabinda Rajkhowa
250 ## - EDITION STATEMENT
Edition statement 1st ed.
260 ## - PUBLICATION, DISTRIBUTION, ETC.
Place of publication, distribution, etc. Dibrugarh:
Name of publisher, distributor, etc. Banalata,
Date of publication, distribution, etc. 2019.
300 ## - PHYSICAL DESCRIPTION
Extent 208p.
700 ## - ADDED ENTRY--PERSONAL NAME
Personal name Arabinda Rajkhowa,
Relator term
700 ## - ADDED ENTRY--PERSONAL NAME
Personal name Chandan Jyoti Chutia,
Relator term
942 ## - ADDED ENTRY ELEMENTS (KOHA)
Koha item type Books
653 ## - INDEX TERM--UNCONTROLLED
Uncontrolled term Folklore
653 ## - INDEX TERM--UNCONTROLLED
Uncontrolled term Performing arts
Holdings
Withdrawn status Lost status Damaged status Not for loan Home library Current library Shelving location Date acquired Total Checkouts Full call number Barcode Date last seen Date last checked out Copy number Price effective from Koha item type
        Central Library, Naharkatiya College Central Library, Naharkatiya College General Stacks 19/09/2020 4 398Folklore | LOK 27940 12/09/2024 11/09/2024 1 19/09/2020 Books
        Central Library, Naharkatiya College Central Library, Naharkatiya College General Stacks 19/09/2020 7 398Folklore | LOK 27941 19/03/2021 03/03/2021 2 19/09/2020 Books
        Central Library, Naharkatiya College Central Library, Naharkatiya College General Stacks 19/09/2020 2 398Folklore | LOK 27942 18/01/2021 22/12/2020 3 19/09/2020 Books
        Central Library, Naharkatiya College Central Library, Naharkatiya College General Stacks 19/09/2020 3 398Folklore | LOK 28049 29/01/2021 20/01/2021 4 19/09/2020 Books
        Central Library, Naharkatiya College Central Library, Naharkatiya College General Stacks 19/09/2020 8 398Folklore | LOK 28050 22/07/2021 03/04/2021 5 19/09/2020 Books

Naharkatiya College © 2020. All rights reserved.

Powered By